[Event "PMPJ 2022 - C13"]
[Site "Jastrzebia Gora"]
[Date "2022.11.12"]
[Round "5.8"]
[White "Terkiewicz, Bruno"]
[Black "Glaz, Michal"]
[Result "1-0"]
[BlackElo "1365"]
[WhiteElo "1839"]
[LiveChessVersion "1.4.4"]

1. d4 {[%clk 1:30:58]} d5 {[%clk 1:30:56]} 2. c4 {[%clk 1:31:25]} e6
{[%clk 1:31:23]} 3. Nc3 {[%clk 1:31:53]} c6 {[%clk 1:31:48]} 4. Nf3
{[%clk 1:32:19]} dxc4 {[%clk 1:31:52]} 5. a4 {[%clk 1:32:41]} Bb4
{[%clk 1:32:03]} 6. e3 {[%clk 1:33:07]} b5 {[%clk 1:32:03]} 7. Bd2
{[%clk 1:33:32]} Bxc3 {[%clk 1:25:17]} 8. Bxc3 {[%clk 1:33:57]} Bb7
{[%clk 1:21:56]} 9. axb5 {[%clk 1:34:08]} cxb5 {[%clk 1:19:27]} 10. b3
{[%clk 1:34:33]} Bd5 {[%clk 1:09:45]} 11. bxc4 {[%clk 1:32:55]} bxc4
{[%clk 1:03:50]} 12. Bxc4 {[%clk 1:32:46]} Bxc4 {[%clk 1:00:17]} 13. Qa4+
{[%clk 1:33:11]} Nd7 {[%clk 0:59:28]} 14. Qxc4 {[%clk 1:33:28]} Ne7
{[%clk 0:57:59]} 15. Ba5 {[%clk 1:29:02]} Qc8 {[%clk 0:48:58]} 16. Qe2
{[%clk 1:28:52]} O-O {[%clk 0:47:53]} 17. O-O {[%clk 1:29:09]} Nb6
{[%clk 0:42:30]} 18. Ne5 {[%clk 1:28:25]} f6 {[%clk 0:33:26]} 19. Rfc1
{[%clk 1:27:44]} Qb7 {[%clk 0:32:01]} 20. Nd3 {[%clk 1:27:14]} Rfc8
{[%clk 0:29:00]} 21. Qa2 {[%clk 1:16:25]} Qd5 {[%clk 0:23:17]} 22. Rc5
{[%clk 1:15:48]} Rxc5 {[%clk 0:20:21]} 23. Nxc5 {[%clk 1:16:12]} Qxa2
{[%clk 0:19:51]} 24. Rxa2 {[%clk 1:16:36]} Rb8 {[%clk 0:19:09]} 25. Nxe6
{[%clk 1:15:44]} Nc4 {[%clk 0:16:13]} 26. g3 {[%clk 1:15:02]} Nxa5
{[%clk 0:14:38]} 27. Rxa5 {[%clk 1:15:20]} Rb7 {[%clk 0:12:58]} 28. Kf1
{[%clk 1:15:44]} Rb1+ {[%clk 0:13:08]} 29. Ke2 {[%clk 1:16:06]} Rb2+
{[%clk 0:13:36]} 30. Kf3 {[%clk 1:15:34]} Rb7 {[%clk 0:13:59]} 31. Ke4
{[%clk 1:15:45]} Nc6 {[%clk 0:13:26]} 32. Rc5 {[%clk 1:14:50]} Ne7
{[%clk 0:12:13]} 33. Rc7 {[%clk 1:14:36]} Rxc7 {[%clk 0:10:11]} 34. Nxc7
{[%clk 1:15:00]} a5 {[%clk 0:10:07]} 35. Kd3 {[%clk 1:14:42]} a4 {[%clk 0:08:41]}
36. Kc4 {[%clk 1:14:44]} Nc6 {[%clk 0:07:48]} 37. Nb5 {[%clk 1:14:50]} Ne7
{[%clk 0:08:01]} 38. Kb4 {[%clk 1:14:59]} Nd5+ {[%clk 0:08:12]} 39. Kxa4
{[%clk 1:15:22]} Kf7 {[%clk 0:08:37]} 40. Kb3 {[%clk 1:15:42]} Ke7
{[%clk 0:08:51]} 41. Kc4 {[%clk 1:16:05]} Nb6+ {[%clk 0:09:20]} 42. Kc5
{[%clk 1:16:25]} Na4+ {[%clk 0:09:45]} 43. Kd5 {[%clk 1:16:48]} Nb2
{[%clk 0:10:09]} 44. Nc3 {[%clk 1:16:26]} Nd3 {[%clk 0:10:29]} 45. Nd1
{[%clk 1:16:48]} Ne1 {[%clk 0:09:35]} 46. h4 {[%clk 1:16:47]} Nd3
{[%clk 0:09:39]} 47. Kc4 {[%clk 1:16:33]} Ne1 {[%clk 0:06:57]} 48. Nb2
{[%clk 1:16:48]} Nf3 {[%clk 0:07:12]} 49. Nd3 {[%clk 1:17:04]} Nd2+
{[%clk 0:07:25]} 50. Kd5 {[%clk 1:17:25]} Nb3 {[%clk 0:07:45]} 51. Ke4
{[%clk 1:15:46]} Nd2+ {[%clk 0:08:10]} 52. Kf4 {[%clk 1:16:11]} Nb3
{[%clk 0:08:09]} 53. Nc5 {[%clk 1:16:16]} Na5 {[%clk 0:07:10]} 54. g4
{[%clk 1:16:15]} Nc4 {[%clk 0:06:43]} 55. Ne4 {[%clk 1:16:20]} Nb2
{[%clk 0:06:56]} 56. g5 {[%clk 1:15:05]} Nd3+ {[%clk 0:07:02]} 57. Kf3
{[%clk 1:14:57]} f5 {[%clk 0:06:47]} 58. Ng3 {[%clk 1:15:20]} g6 {[%clk 0:07:06]}
59. Ne2 {[%clk 1:15:32]} Kd6 {[%clk 0:06:42]} 60. Nf4 {[%clk 1:15:42]} Ne1+
{[%clk 0:06:49]} 61. Ke2 {[%clk 1:14:01]} Nc2 {[%clk 0:07:06]} 62. Kd2
{[%clk 1:14:12]} Nb4 {[%clk 0:07:13]} 63. h5 {[%clk 1:14:36]} gxh5
{[%clk 0:06:23]} 64. Nxh5 {[%clk 1:15:01]} Nd5 {[%clk 0:06:41]} 65. f3
{[%clk 1:14:58]} 1-0

[Event "PMPJ 2022 - C13"]
[Site "Jastrzebia Gora"]
[Date "2022.11.12"]
[Round "5.9"]
[White "Fil, Grzegorz"]
[Black "Prokopiuk, Jakub"]
[Result "0-1"]
[BlackElo "1651"]
[WhiteElo "1140"]
[LiveChessVersion "1.4.4"]

1. e4 c5 2. Nf3 d6 3. d4 cxd4 4. Nxd4 Nf6 5. Nc3 Nc6 6. Be3 Ng4 7. Qd2 Nxe3 8.
Qxe3 g6 9. O-O-O Bg7 10. Bb5 Bd7 11. Nxc6 bxc6 12. Be2 O-O 13. Kb1 Qb6 14. Qxb6
axb6 15. Rd3 Be6 16. a3 b5 17. h4 Ra7 18. Kc1 Rfa8 19. Nb1 Bc4 20. Rd2 Bh6 21.
Bxc4 bxc4 22. g3 Bxd2+ 23. Kxd2 Rb7 24. Kc3 Rab8 25. Nd2 Rxb2 26. Nxc4 Ra2 27.
Rd1 Rb5 28. f4 d5 29. exd5 cxd5 30. Nd2 Rc5+ 31. Kb3 Rcxc2 32. Nf1 Rab2+ 33. Ka4
Rc4+ 34. Ka5 Rc8 35. Rxd5 Ra8# 0-1

[Event "PMPJ 2022 - C13"]
[Site "Jastrzebia Gora"]
[Date "2022.11.12"]
[Round "5.10"]
[White "Wiecek, Dominik"]
[Black "Krogulski, Maksymilian"]
[Result "1/2-1/2"]
[BlackElo "1515"]
[WhiteElo "1077"]
[LiveChessVersion "1.4.4"]

1. e4 {[%clk 1:30:57]} c5 {[%clk 1:31:00]} 2. Nf3 {[%clk 1:31:21]} a6
{[%clk 1:31:30]} 3. Nc3 {[%clk 1:30:35]} e6 {[%clk 1:31:55]} 4. d4
{[%clk 1:26:39]} cxd4 {[%clk 1:32:23]} 5. Nxd4 {[%clk 1:26:25]} Nc6
{[%clk 1:32:52]} 6. Nxc6 {[%clk 1:23:06]} bxc6 {[%clk 1:33:06]} 7. g3
{[%clk 1:20:01]} Nf6 {[%clk 1:33:21]} 8. Bg2 {[%clk 1:19:11]} Bb4
{[%clk 1:33:40]} 9. Bd2 {[%clk 1:17:57]} O-O {[%clk 1:33:46]} 10. O-O
{[%clk 1:16:31]} d5 {[%clk 1:33:39]} 11. exd5 {[%clk 1:15:38]} Bxc3
{[%clk 1:32:47]} 12. Bxc3 {[%clk 1:15:31]} cxd5 {[%clk 1:33:05]} 13. Qd4
{[%clk 1:12:53]} Rb8 {[%clk 1:29:40]} 14. g4 {[%clk 1:05:49]} Qb6
{[%clk 1:30:09]} 15. Qe5 {[%clk 1:05:37]} h6 {[%clk 1:30:10]} 16. h4
{[%clk 1:05:46]} Rb7 {[%clk 1:27:10]} 17. Bd4 Qc7 {[%clk 1:27:13]} 18. g5
{[%clk 0:34:26]} Qxe5 {[%clk 1:26:48]} 19. Bxe5 {[%clk 0:34:54]} hxg5
{[%clk 1:27:15]} 20. hxg5 {[%clk 0:34:48]} Nd7 {[%clk 1:26:44]} 21. Bd6
{[%clk 0:30:45]} Rd8 {[%clk 1:27:13]} 22. Rab1 {[%clk 0:29:18]} Nb6
{[%clk 1:27:29]} 23. Bf4 {[%clk 0:25:52]} f6 {[%clk 1:25:51]} 24. gxf6
{[%clk 0:23:54]} gxf6 {[%clk 1:25:52]} 25. Rfd1 {[%clk 0:23:42]} Rg7
{[%clk 1:25:51]} 26. Kf1 {[%clk 0:20:40]} e5 {[%clk 1:24:22]} 27. Bg3
{[%clk 0:20:33]} Bf5 {[%clk 1:23:17]} 28. Rbc1 {[%clk 0:18:44]} Rc7
{[%clk 1:21:55]} 29. c3 {[%clk 0:15:32]} Bg4 {[%clk 1:19:21]} 30. f3
{[%clk 0:13:09]} Bf5 {[%clk 1:18:48]} 31. b3 {[%clk 0:12:48]} Rdc8
{[%clk 1:18:09]} 32. Be1 {[%clk 0:10:38]} Kf7 {[%clk 1:15:01]} 33. Kf2
{[%clk 0:10:06]} Ke6 {[%clk 1:15:22]} 34. Kg3 {[%clk 0:10:01]} Rg7+
{[%clk 1:15:24]} 35. Kf2 {[%clk 0:10:22]} Rh8 {[%clk 1:14:07]} 36. Rd2 Rh2 37.
Kf1 {[%clk 0:09:16]} Rhxg2 {[%clk 1:11:20]} 38. Rxg2 {[%clk 0:09:07]} Bh3
{[%clk 1:11:49]} 39. Rcc2 {[%clk 0:09:36]} Rxg2 {[%clk 1:12:16]} 40. Rxg2
{[%clk 0:10:04]} Bxg2+ {[%clk 1:12:45]} 41. Kxg2 {[%clk 0:10:33]} Nd7 42. Bf2 e4
43. Kg3 Ne5 44. fxe4 dxe4 45. Bd4 Nd3 {[%clk 1:10:15]} 46. b4 {[%clk 0:08:17]} f5
{[%clk 1:10:31]} 47. a4 {[%clk 0:08:27]} f4+ {[%clk 1:11:00]} 48. Kg2
{[%clk 0:08:47]} Kd5 49. b5 a5 {[%clk 1:06:53]} 50. b6 {[%clk 0:07:43]} Kc6
{[%clk 1:07:21]} 51. c4 {[%clk 0:07:46]} Nc1 {[%clk 1:06:27]} 52. c5
{[%clk 0:07:41]} Nb3 {[%clk 1:05:18]} 53. Be5 {[%clk 0:06:49]} f3+
{[%clk 1:05:16]} 54. Kf2 {[%clk 0:07:01]} Nxc5 {[%clk 1:05:39]} 55. Ke3
{[%clk 0:06:35]} Kxb6 {[%clk 1:04:14]} 56. Bd4 {[%clk 0:06:55]} Kc6
{[%clk 1:04:30]} 57. Bc3 {[%clk 0:07:12]} Nd3 {[%clk 1:04:45]} 58. Bxa5
{[%clk 0:06:59]} Nc5 {[%clk 1:04:36]} 59. Be1 {[%clk 0:07:06]} Nd3
{[%clk 1:04:19]} 60. Bh4 {[%clk 0:06:43]} Kd5 {[%clk 1:03:53]} 61. a5
{[%clk 0:05:36]} Nb2 {[%clk 1:02:14]} 62. a6 {[%clk 0:05:39]} Nc4+
{[%clk 1:02:34]} 63. Kf4 {[%clk 0:04:50]} Nb6 {[%clk 1:01:50]} 64. a7
{[%clk 0:05:00]} Na8 {[%clk 1:02:18]} 65. Bf2 {[%clk 0:05:24]} Nc7
{[%clk 1:01:17]} 66. Bg1 {[%clk 0:04:57]} Ne6+ 67. Ke3 Nc7 {[%clk 1:01:08]} 68.
Kf4 {[%clk 0:05:37]} Na8 {[%clk 1:01:31]} 69. Bf2 {[%clk 0:06:03]} Nc7
{[%clk 1:00:54]} 70. Bg1 {[%clk 0:06:28]} Ne6+ {[%clk 1:00:48]} 71. Ke3
{[%clk 0:06:57]} Nc7 {[%clk 1:00:53]} 72. Kf4 {[%clk 0:07:06]} Kc6
{[%clk 1:00:07]} 73. Kxe4 {[%clk 0:07:06]} Kb7 {[%clk 1:00:08]} 1/2-1/2

[Event "PMPJ 2022 - C13"]
[Site "Jastrzebia Gora"]
[Date "2022.11.12"]
[Round "5.11"]
[White "Gawlik, Olivier"]
[Black "Krasniewski, Grzegorz"]
[Result "1-0"]
[BlackElo "1129"]
[WhiteElo "1386"]
[LiveChessVersion "1.4.4"]

1. e4 {[%clk 1:30:56]} c5 {[%clk 1:30:58]} 2. d4 {[%clk 1:31:22]} cxd4
{[%clk 1:31:19]} 3. c3 {[%clk 1:31:49]} d3 {[%clk 1:31:26]} 4. Bxd3
{[%clk 1:32:05]} Nc6 {[%clk 1:31:24]} 5. c4 {[%clk 1:32:11]} g6 {[%clk 1:31:20]}
6. Nc3 {[%clk 1:30:38]} Bg7 {[%clk 1:29:52]} 7. Nge2 {[%clk 1:29:28]} Nf6
{[%clk 1:29:14]} 8. h3 {[%clk 1:27:01]} Ne5 {[%clk 1:19:54]} 9. f4
{[%clk 1:19:13]} Nxd3+ {[%clk 1:19:06]} 10. Qxd3 {[%clk 1:19:40]} O-O
{[%clk 1:18:43]} 11. Be3 {[%clk 1:13:43]} d6 {[%clk 1:17:34]} 12. O-O-O
{[%clk 1:11:41]} Qc7 {[%clk 1:12:15]} 13. g4 {[%clk 1:08:33]} Be6
{[%clk 1:10:51]} 14. b3 {[%clk 1:03:28]} a6 {[%clk 1:10:25]} 15. f5
{[%clk 1:01:12]} Bd7 {[%clk 1:10:01]} 16. g5 {[%clk 0:51:39]} Nh5
{[%clk 1:08:31]} 17. Nd5 {[%clk 0:49:33]} Qd8 {[%clk 1:03:07]} 18. Bb6
{[%clk 0:48:48]} Qe8 {[%clk 1:02:13]} 19. Nc7 {[%clk 0:48:05]} Qc8
{[%clk 1:02:14]} 20. Nxa8 {[%clk 0:47:34]} Qxa8 {[%clk 1:02:38]} 21. Bd4
{[%clk 0:45:28]} Qc8 {[%clk 1:02:00]} 22. Bxg7 {[%clk 0:45:15]} Kxg7
{[%clk 1:01:34]} 23. f6+ {[%clk 0:38:37]} exf6 {[%clk 1:00:56]} 24. gxf6+
{[%clk 0:38:25]} Nxf6 {[%clk 1:01:16]} 25. Qc3 {[%clk 0:38:29]} Qc5
{[%clk 0:59:37]} 26. Rd5 {[%clk 0:20:42]} Qf2 {[%clk 0:57:36]} 27. Rxd6
{[%clk 0:15:42]} Be6 {[%clk 0:56:15]} 28. Rd2 {[%clk 0:15:01]} Qg2
{[%clk 0:52:12]} 29. Ng3 {[%clk 0:14:55]} 1-0

[Event "PMPJ 2022 - C13"]
[Site "Jastrzebia Gora"]
[Date "2022.11.12"]
[Round "5.12"]
[White "Nagly, Krzysztof"]
[Black "Rzap, Filip"]
[Result "0-1"]
[BlackElo "1386"]
[WhiteElo "1306"]
[LiveChessVersion "1.4.4"]

1. e4 {[%clk 1:30:54]} c5 {[%clk 1:30:56]} 2. Nf3 {[%clk 1:31:07]} d6
{[%clk 1:31:22]} 3. d4 {[%clk 1:31:27]} cxd4 {[%clk 1:31:46]} 4. Nxd4
{[%clk 1:31:39]} Nf6 {[%clk 1:32:10]} 5. Nc3 {[%clk 1:31:57]} a6 {[%clk 1:32:37]}
6. Bc4 {[%clk 1:32:17]} e6 {[%clk 1:33:01]} 7. Bb3 {[%clk 1:32:28]} Be7
{[%clk 1:32:30]} 8. f4 {[%clk 1:32:35]} Qc7 {[%clk 1:30:11]} 9. Qf3
{[%clk 1:31:57]} Nc6 {[%clk 1:27:00]} 10. Be3 {[%clk 1:27:46]} Bd7
{[%clk 1:09:18]} 11. f5 {[%clk 1:26:51]} e5 {[%clk 1:05:58]} 12. Nde2
{[%clk 1:25:45]} h5 {[%clk 1:02:38]} 13. Bg5 {[%clk 1:23:44]} Ng4
{[%clk 0:57:29]} 14. h3 {[%clk 1:17:24]} Bxg5 {[%clk 0:55:24]} 15. hxg4
{[%clk 1:16:39]} h4 {[%clk 0:54:19]} 16. g3 {[%clk 1:15:45]} O-O-O
{[%clk 0:50:26]} 17. Nd5 {[%clk 0:52:44]} Qa5+ {[%clk 0:49:19]} 18. Kf1
{[%clk 0:52:17]} Nd4 {[%clk 0:46:38]} 19. Qc3+ {[%clk 0:49:17]} Qxc3
{[%clk 0:46:38]} 20. Nexc3 {[%clk 0:49:03]} h3 {[%clk 0:45:34]} 21. Nb6+
{[%clk 0:48:34]} Kb8 {[%clk 0:45:43]} 22. Ncd5 {[%clk 0:48:02]} g6
{[%clk 0:44:59]} 23. c3 {[%clk 0:47:35]} Nc6 {[%clk 0:42:50]} 24. Rd1
{[%clk 0:46:59]} Be8 {[%clk 0:41:46]} 25. Ke2 {[%clk 0:41:05]} f6
{[%clk 0:38:34]} 26. Ba4 {[%clk 0:39:46]} gxf5 {[%clk 0:38:18]} 27. Bxc6
{[%clk 0:38:51]} bxc6 {[%clk 0:38:18]} 28. Ne3 {[%clk 0:32:44]} Kc7
{[%clk 0:35:00]} 29. Nbc4 {[%clk 0:32:12]} fxe4 {[%clk 0:33:32]} 30. Nf5
{[%clk 0:31:23]} d5 {[%clk 0:31:06]} 31. Ng7 {[%clk 0:30:33]} Bd7
{[%clk 0:29:45]} 32. Ne3 {[%clk 0:30:36]} Bxe3 {[%clk 0:26:34]} 33. Kxe3
{[%clk 0:30:34]} Bxg4 {[%clk 0:26:53]} 34. Rdf1 {[%clk 0:30:52]} Rdg8
{[%clk 0:26:25]} 35. Nf5 {[%clk 0:31:04]} Bxf5 {[%clk 0:25:40]} 36. Rxf5
{[%clk 0:31:20]} Rxg3+ {[%clk 0:26:04]} 37. Kf2 {[%clk 0:31:19]} Rg2+
{[%clk 0:26:04]} 38. Ke3 {[%clk 0:31:26]} h2 {[%clk 0:26:16]} 39. Rff1
{[%clk 0:31:23]} Rh3+ {[%clk 0:26:38]} 40. Rf3 {[%clk 0:31:35]} Rxf3#
{[%clk 0:27:00]} 0-1

[Event "PMPJ 2022 - C13"]
[Site "Jastrzebia Gora"]
[Date "2022.11.12"]
[Round "5.13"]
[White "Protas, Jakub"]
[Black "Raszkiewicz, Wiktor"]
[Result "1-0"]
[BlackElo "1221"]
[WhiteElo "1124"]
[LiveChessVersion "1.4.4"]

1. e4 e5 2. Nf3 Nc6 3. Bb5 Bc5 4. O-O d6 5. d4 exd4 6. Nxd4 Nge7 7. Bg5 Bxd4 8.
Bxc6+ bxc6 9. Qxd4 O-O 10. Nc3 h6 11. Bh4 Be6 12. f4 f6 13. f5 Bf7 14. Ne2 Qd7
15. Nf4 d5 16. Rad1 Qd6 17. Nd3 Rfd8 18. e5 fxe5 19. Qxe5 g5 20. fxg6 Nxg6 21.
Qf5 Rf8 22. Bg3 Qe6 23. Qxe6 Bxe6 24. Bxc7 Rxf1+ 25. Rxf1 Rf8 26. Rxf8+ Kxf8 27.
Bb8 a6 28. Nb4 Ke8 29. Nxa6 Bf5 30. c3 Kd7 31. Nc5+ Kc8 32. Bg3 Nf8 33. Bf4 h5
34. Kf2 Ne6 35. Nxe6 Bxe6 36. Kg3 Kd7 37. Kh4 Bg4 38. a4 c5 39. Be3 c4 40. a5 Kc6
41. a6 1-0

[Event "PMPJ 2022 - C13"]
[Site "Jastrzebia Gora"]
[Date "2022.11.12"]
[Round "5.14"]
[White "Kryston, Aleksander"]
[Black "Michalak, Leon"]
[Result "0-1"]
[BlackElo "1147"]
[WhiteElo "1323"]
[LiveChessVersion "1.4.4"]

1. d4 d5 2. c4 e6 3. Nc3 Nf6 4. cxd5 exd5 5. Bg5 c6 6. e3 Bf5 7. Qf3 Bg6 8. Bxf6
gxf6 9. Qd1 Bd6 10. Bd3 Nd7 11. Nge2 Qc7 12. g3 f5 13. Qc2 f4 14. Nxf4 Bxf4 15.
exf4 O-O-O 16. O-O Rdg8 17. Bxg6 Rxg6 18. Rfe1 Rgg8 19. Rac1 Kb8 20. Nb5 Qd8 21.
Nd6 Qf6 22. Nf5 Re8 23. Qd3 Nb6 24. Ne3 Re4 25. Nc2 Rhe8 26. Rxe4 Rxe4 27. f3 Re8
28. Qxh7 Nc4 29. b3 Nb2 30. Rb1 Rh8 31. Qxh8+ Qxh8 32. Rxb2 Qe8 33. Kf2 Qe7 34.
b4 Kc7 35. Rb1 f6 36. h4 Qh7 37. Rb2 Qd3 38. Ne3 Qxd4 39. Re2 Qxb4 40. h5 Qc5 41.
Rc2 Qd4 42. f5 Qd3 43. g4 d4 44. Nd5+ Kd8 45. Nb4 Qe3+ 46. Kg3 Qe1+ 47. Rf2 Qxb4
48. h6 Qe7 49. Rh2 Qh7 50. g5 fxg5 51. Kg4 Ke7 52. Re2+ Kf7 53. Re6 d3 54. Rd6 d2
55. Rd7+ Kf6 56. Rxh7 d1=Q 57. Rxb7 Qg1+ 58. Kh3 Qh1+ 59. Kg3 Qxh6 60. Rxa7 Kxf5
61. Ra5+ Kf6 62. Rc5 Qh4+ 63. Kg2 Qa4 64. a3 Qa6 65. Kg3 Qb6 66. Rc3 c5 67. a4 c4
68. Kg2 Qb2+ 0-1

[Event "PMPJ 2022 - C13"]
[Site "Jastrzebia Gora"]
[Date "2022.11.12"]
[Round "5.15"]
[White "Jodlowski, Robert"]
[Black "Kuczmik, Adam"]
[Result "0-1"]
[BlackElo "1105"]
[WhiteElo "1302"]
[LiveChessVersion "1.4.4"]

1. e4 e6 2. d4 d5 3. e5 c5 4. c3 Nc6 5. Nf3 Bd7 6. Be2 Qb6 7. O-O Nge7 8. Na3 Nf5
9. Nc2 Be7 10. g4 Nh4 11. Nxh4 Bxh4 12. Kg2 Be7 13. f4 h6 14. f5 exf5 15. gxf5
Na5 16. Bh5 g6 17. fxg6 fxg6 18. Bg4 O-O-O 19. Rf7 Nc6 20. e6 Be8 21. Rg7 h5 22.
Bh3 Kb8 23. Bf4+ Ka8 24. Be5 Nxe5 25. Rxe7 Nc4 26. b3 Nd6 27. Qf3 Ne4 28. Rf1 g5
29. Qf5 g4 30. Qe5 gxh3+ 31. Kxh3 Qd6 32. Qxd6 Rxd6 33. dxc5 Nxc5 34. Nd4 Nxe6
35. Nxe6 Rxe6 36. Rxe6 Bd7 0-1

[Event "PMPJ 2022 - C13"]
[Site "Jastrzebia Gora"]
[Date "2022.11.12"]
[Round "5.17"]
[White "Bastock, Luis"]
[Black "Jasion, Wiktor"]
[Result "1/2-1/2"]
[BlackElo "1180"]
[WhiteElo "1035"]
[LiveChessVersion "1.4.4"]

1. d4 d5 2. c4 e6 3. Nf3 Nf6 4. g3 c5 5. cxd5 exd5 6. dxc5 Bxc5 7. Bg2 O-O 8. O-O
Re8 9. Bg5 Qb6 10. Bxf6 Qxf6 11. Nc3 Be6 12. Nb5 Na6 13. Nbd4 Bg4 14. Nb3 Bb6 15.
Qd2 Rad8 16. Nfd4 Nc7 17. e3 Ne6 18. h3 Nxd4 19. Nxd4 Bxd4 20. Qxd4 Qxd4 21. exd4
Bc8 22. Rae1 b6 23. Bxd5 Bxh3 24. Rxe8+ Rxe8 25. Rd1 Re2 26. Bc6 Bg4 27. d5 Re8
28. Bxe8 Bxd1 29. d6 Kf8 30. Bc6 f6 1/2-1/2

[Event "PMPJ 2022 - C13"]
[Site "Jastrzebia Gora"]
[Date "2022.11.12"]
[Round "5.18"]
[White "Kwiatkowski, Michal"]
[Black "Warchol, Wiktor"]
[Result "0-1"]
[BlackElo "1254"]
[WhiteElo "1198"]
[LiveChessVersion "1.4.4"]

1. e4 c5 2. Nf3 Nc6 3. d4 cxd4 4. Nxd4 g6 5. Nc3 Bg7 6. Be3 d6 7. Qd2 Nf6 8. f3
O-O 9. O-O-O Bd7 10. g4 a6 11. h4 h5 12. Nxc6 Bxc6 13. Bh6 Bd7 14. Bxg7 Kxg7 15.
Nd5 Nxd5 16. exd5 hxg4 17. h5 Rh8 18. h6+ Kg8 19. Qd4 Rh7 20. fxg4 Rc8 21. Bd3 e5
22. Qe4 Qg5+ 23. Kb1 Qxg4 24. Qe3 Be8 25. Rdg1 Qd7 26. Qg5 Qd8 27. Qh5 Kh8 28.
Qf3 Qe7 29. Rf1 Bd7 30. Qf6+ Qxf6 31. Rxf6 Bg4 32. Rxd6 Bh5 33. Rxh5 gxh5 34.
Bxh7 Kxh7 35. Rf6 Rd8 36. d6 h4 37. Kc1 Rd7 38. c3 h3 39. Rf3 Rxd6 40. Rxf7+ Kg8
41. h7+ Kh8 42. Rf2 Rh6 43. Rh2 Kxh7 44. Kd2 Kg6 45. Ke3 Kf5 46. Kf3 e4+ 47. Kg3
Ke5 48. Rxh3 Rxh3+ 49. Kxh3 Kf4 50. Kg2 Ke3 51. b3 Kd2 52. Kf2 e3+ 0-1

[Event "PMPJ 2022 - C13"]
[Site "Jastrzebia Gora"]
[Date "2022.11.12"]
[Round "6.1"]
[White "Przybylski, Jan"]
[Black "Bochniak, Franciszek"]
[Result "1/2-1/2"]
[BlackElo "1839"]
[WhiteElo "1638"]
[LiveChessVersion "1.4.4"]

1. e4 {[%clk 1:30:59]} c5 {[%clk 1:30:59]} 2. Nf3 {[%clk 1:31:23]} Nc6
{[%clk 1:31:23]} 3. d4 {[%clk 1:31:41]} cxd4 {[%clk 1:31:48]} 4. Nxd4
{[%clk 1:32:04]} g6 {[%clk 1:32:10]} 5. Nc3 {[%clk 1:32:28]} Bg7 {[%clk 1:32:36]}
6. Be3 {[%clk 1:32:54]} Nf6 {[%clk 1:32:56]} 7. Bc4 {[%clk 1:33:02]} O-O
{[%clk 1:33:19]} 8. Bb3 {[%clk 1:33:25]} Re8 {[%clk 1:33:43]} 9. h3
{[%clk 1:31:36]} d6 {[%clk 1:32:30]} 10. Qd2 {[%clk 1:31:01]} Bd7
{[%clk 1:32:18]} 11. O-O {[%clk 1:29:46]} Na5 {[%clk 1:30:11]} 12. Rad1
{[%clk 1:23:43]} Rc8 {[%clk 1:29:26]} 13. Qd3 {[%clk 1:20:38]} a6
{[%clk 1:19:24]} 14. Rfe1 {[%clk 1:15:01]} Qc7 {[%clk 1:11:18]} 15. f4
{[%clk 1:12:46]} Nxb3 {[%clk 1:05:01]} 16. axb3 {[%clk 1:11:49]} Bc6
{[%clk 1:03:40]} 17. Nxc6 {[%clk 1:06:30]} Qxc6 {[%clk 1:03:28]} 18. Bd4
{[%clk 1:06:34]} Nd7 {[%clk 1:00:11]} 19. Bxg7 {[%clk 1:00:04]} Nc5
{[%clk 0:56:47]} 20. Qd5 {[%clk 0:55:51]} Kxg7 {[%clk 0:54:14]} 21. Qxc6
{[%clk 0:49:28]} Rxc6 {[%clk 0:53:40]} 22. e5 {[%clk 0:45:21]} Rd8
{[%clk 0:47:55]} 23. exd6 {[%clk 0:45:11]} Rcxd6 {[%clk 0:48:24]} 24. Rxd6
{[%clk 0:45:11]} Rxd6 {[%clk 0:48:53]} 25. Kf2 {[%clk 0:41:31]} e6
{[%clk 0:45:00]} 26. Ke3 {[%clk 0:39:08]} Kf8 {[%clk 0:43:46]} 27. b4
{[%clk 0:27:45]} Nd7 {[%clk 0:43:59]} 28. Rd1 {[%clk 0:27:34]} Rxd1
{[%clk 0:40:29]} 29. Nxd1 {[%clk 0:28:03]} Nb6 {[%clk 0:40:04]} 30. c3
{[%clk 0:28:08]} Nd5+ {[%clk 0:38:51]} 31. Ke4 1/2-1/2

[Event "PMPJ 2022 - C13"]
[Site "Jastrzebia Gora"]
[Date "2022.11.12"]
[Round "6.2"]
[White "Klim, Juliusz"]
[Black "Nocek, Dominik"]
[Result "1/2-1/2"]
[BlackElo "1605"]
[WhiteElo "1485"]
[LiveChessVersion "1.4.4"]

1. e4 {[%clk 1:30:57]} e5 {[%clk 1:30:54]} 2. Nf3 {[%clk 1:31:26]} Nc6
{[%clk 1:31:14]} 3. Bc4 {[%clk 1:31:55]} Nf6 {[%clk 1:31:34]} 4. d3
{[%clk 1:32:21]} Bc5 {[%clk 1:31:55]} 5. O-O {[%clk 1:32:46]} d6 {[%clk 1:31:37]}
6. c3 {[%clk 1:33:10]} a6 {[%clk 1:31:13]} 7. Bb3 {[%clk 1:33:35]} Ba7
{[%clk 1:31:06]} 8. Re1 {[%clk 1:33:14]} h6 {[%clk 1:31:13]} 9. Nbd2
{[%clk 1:33:39]} g5 {[%clk 1:30:34]} 10. Nf1 {[%clk 1:32:09]} g4 {[%clk 1:29:46]}
11. N3d2 {[%clk 1:32:20]} h5 {[%clk 1:27:54]} 12. Nc4 {[%clk 1:29:25]} h4
{[%clk 1:22:22]} 13. Be3 {[%clk 1:25:40]} Bxe3 {[%clk 1:20:13]} 14. Ncxe3
{[%clk 1:23:46]} Kf8 {[%clk 1:03:11]} 15. Nd5 {[%clk 1:17:13]} Nxd5
{[%clk 0:59:26]} 16. Bxd5 {[%clk 1:17:25]} Ne7 {[%clk 0:55:36]} 17. Bb3
{[%clk 1:16:38]} Ng6 {[%clk 0:53:45]} 18. g3 {[%clk 1:12:32]} Qg5
{[%clk 0:45:44]} 19. Qd2 {[%clk 1:06:56]} Qh5 {[%clk 0:44:33]} 20. d4
{[%clk 1:04:24]} Kg7 {[%clk 0:40:22]} 21. Bd1 {[%clk 1:00:39]} Be6
{[%clk 0:38:46]} 22. d5 {[%clk 0:59:51]} Bd7 {[%clk 0:38:27]} 23. c4
{[%clk 0:58:09]} hxg3 {[%clk 0:35:52]} 24. fxg3 {[%clk 0:57:37]} Raf8
{[%clk 0:32:52]} 25. Ne3 {[%clk 0:55:36]} Rh6 {[%clk 0:26:54]} 26. Bc2
{[%clk 0:52:19]} Ne7 {[%clk 0:19:53]} 27. Rf1 {[%clk 0:47:56]} f5
{[%clk 0:12:48]} 28. exf5 {[%clk 0:45:25]} Nxf5 {[%clk 0:12:45]} 29. Nxf5+
{[%clk 0:45:32]} Bxf5 {[%clk 0:13:08]} 30. Bxf5 {[%clk 0:45:55]} Rxf5
{[%clk 0:13:35]} 31. Rxf5 {[%clk 0:46:18]} Qxf5 {[%clk 0:13:53]} 32. Rf1
{[%clk 0:46:33]} Qg6 {[%clk 0:13:52]} 33. Qf2 {[%clk 0:43:21]} 1/2-1/2

[Event "PMPJ 2022 - C13"]
[Site "Jastrzebia Gora"]
[Date "2022.11.12"]
[Round "6.3"]
[White "Baranowski, Jan"]
[Black "Zielonka, Adam"]
[Result "0-1"]
[BlackElo "2058"]
[WhiteElo "1212"]
[LiveChessVersion "1.4.4"]

1. d4 {[%clk 1:30:53]} Nf6 {[%clk 1:30:56]} 2. c4 {[%clk 1:30:56]} e6
{[%clk 1:31:21]} 3. Nf3 {[%clk 1:31:09]} Bb4+ {[%clk 1:31:25]} 4. Nbd2
{[%clk 1:31:33]} b6 {[%clk 1:31:51]} 5. a3 {[%clk 1:31:57]} Bxd2+
{[%clk 1:32:16]} 6. Qxd2 {[%clk 1:32:23]} Bb7 {[%clk 1:32:42]} 7. e3
{[%clk 1:32:29]} a5 {[%clk 1:32:50]} 8. b3 {[%clk 1:32:53]} O-O {[%clk 1:32:44]}
9. Be2 {[%clk 1:32:56]} d6 {[%clk 1:32:35]} 10. O-O {[%clk 1:33:01]} Nbd7
{[%clk 1:32:21]} 11. Bb2 {[%clk 1:33:08]} Qe7 {[%clk 1:31:57]} 12. Qc2
{[%clk 1:33:19]} c5 {[%clk 1:31:27]} 13. Rfd1 {[%clk 1:32:49]} Rfd8
{[%clk 1:30:46]} 14. Rac1 {[%clk 1:28:53]} Rac8 {[%clk 1:29:24]} 15. Nd2
{[%clk 1:25:26]} cxd4 {[%clk 1:28:09]} 16. exd4 {[%clk 1:24:19]} e5
{[%clk 1:27:11]} 17. dxe5 {[%clk 1:12:28]} dxe5 {[%clk 1:27:32]} 18. Bf3
{[%clk 1:11:24]} Bxf3 {[%clk 1:24:40]} 19. Nxf3 {[%clk 1:11:34]} e4
{[%clk 1:22:14]} 20. Re1 {[%clk 1:09:50]} Nc5 {[%clk 1:14:03]} 21. Rcd1
{[%clk 1:00:37]} Rxd1 {[%clk 1:12:27]} 22. Qxd1 {[%clk 0:59:34]} Rd8
{[%clk 1:11:37]} 23. Qc2 {[%clk 0:58:40]} Nd3 {[%clk 1:08:54]} 24. Bxf6
{[%clk 0:39:21]} Qxf6 {[%clk 1:09:18]} 25. Rxe4 {[%clk 0:39:46]} Qa1+
{[%clk 1:09:40]} 26. Ne1 {[%clk 0:40:05]} Nxe1 {[%clk 1:10:02]} 27. Qe2
{[%clk 0:40:29]} Nf3# 0-1